Keihäänheitto: Kaikkien aikojen 30 parasta (miehet) - Statistics

Yleistilastot
  • Tätä visaa on pelattu 123 kertaa
    121 viimeisimmän päivityksen jälkeen
  • Keskiarvotulos 13 / 30
Vastaustilastot
Ennätys (metriä) Vastaus Vuosi Kansallisuus % Oikein
91,53 Tero Pitkämäki 2005 Suomi
96%
90,60 Seppo Räty 1992 Suomi
88%
93,09 Aki Parviainen 1999 Suomi
81%
94,44 Johannes Vetter 2017 Saksa
71%
98,48 Jan Železný 1996 Tšekki
68%
89,83 Oliver Helander 2022 Suomi
67%
93,90 Thomas Röhler 2017 Saksa
67%
90,82 Kimmo Kinnunen 1991 Suomi
61%
91,59 Andreas Thorkildsen 2006 Norja
52%
92,72 Julius Yego 2015 Kenia
52%
90,16 Keshorn Walcott 2015 Trinidad & Tobago
49%
89,94 Neeraj Chopra 2022 Intia
46%
93,07 Anderson Peters 2022 Grenada
44%
89,54 Julian Weber 2022 Saksa
41%
92,06 Andreas Hofmann 2018 Saksa
40%
92,61 Segei Makarov 2002 Venäjä
37%
90,61 Magnus Kirt 2019 Viro
31%
91,46 Steve Backley 1992 Iso-Britannia
30%
89,21 Ihab Abdelrahman 2014 Egypti
28%
90,88 Jakub Vadlejch 2022 Tšekki
28%
90,44 Boris Henry 1997 Saksa
27%
91,29 Breaux Greer 2007 USA
24%
92,60 Raymond Hecht 1995 Saksa
24%
89,16 Tom Petranoff 1991 USA
23%
90,73 Vadims Vasilevskis 2007 Latvia
22%
90,18 Arshad Nadeem 2022 Pakistan
21%
91,69 Konstadinós Gatsioúdis 2000 Kreikka
21%
89,55 Marcin Krukowski 2021 Puola
19%
89,17 Edis Matusevičius 2019 Liettua
8%
91,36 Cheng Chao-tsun 2017 Taiwan
4%
Ehtoja vastaavia visoja ei löytynyt
Tulosjakauma
Jokaisen tuloksen saaneiden osuus
Persentiili vastausten määrän mukaan
Tuloshistoriasi
Et ole pelannut tätä visaa sen viimeisimmän päivityksen jälkeen